000 00598nam a2200181Ia 4500
008 100921s9999 xx 000 0 und d
082 _b38470
_a891.463 न 04
100 _aतिबिले अनंत.
245 _aविकृत.
260 _bमंगल दीप प्रकाशन, पुणे.
_c2004
300 _a149
_bकलाभारती वितरण,पुणे
365 _b130
520 _aललित-कादंबरी.
630 _aविकृत.
650 _aललित-कादंबरी.
730 _aविकृत.
942 _cBOOK
999 _c787583
_d787580